Test z wiedzy ogólnej #1 - Statystyki

Ogólne statystyki
  • Ten quiz został rozwiązany 101 razy
    95 od ostatniego zresetowania
  • Średni wynik to 5 z 15
Statystyki odpowiedzi
Wskazówka Odpowiedź % Poprawnych
ostatni król Polski Stanisław August Poniatowski
85%
polska dwukrotna laureatka nagrody nobla Maria Skłodowska Curie
83%
najdłuższa rzeka świata Nil
64%
stolica Szkocji Edynburg
56%
rok pierwszego rozbioru Polski 1772
48%
Nikola Tesla pochodził z ... Serbii
33%
reprezentacyjna ulica Łodzi Piotrkowska
23%
los ojos to ... oczy
20%
rok powstania internetu 1969
18%
Traditionen to ... tradycje
11%
trzydziesty dziewiąty prezydent Ameryki Jimmy Carter
8%
najstarsze miasto Polski Złotoryja
8%
autor ,,Mikołajka'' René Goscinny
6%
miasto róż Kutno
5%
Kylie Minogue wydała ,,Padam Padam'' w ..... roku 2023
3%
Nie znaleziono quizów pasujących do podanych kryteriów
Rozkład punktacji
Procent ludzi z każdym wynikiem
Percentyl według liczby udzielonych odpowiedzi
Twoja historia wyników
Nie rozwiązałeś tego quizu od ostatniego zresetowania